000 00303nam a22001337a 4500
008 171228b xxu||||| |||| 00| 0 eng d
020 _a658460001
041 _aeng
080 _a331
100 _a52
101 _aEKO
245 _aTaking the Voodoo out of Economics
_cGenetski, R.J
942 _2udc
_cBK
999 _c39532
_d39532